|
000
|
01637nam0 2200253 450
|
|
001
|
012023000618
|
|
005
|
20231101171515.7
|
|
010
|
|
@a978-7-122-40582-1@dCNY118.00
|
|
100
|
|
@a20230401d2023 em y0chiy50 ea
|
|
101
|
0
|
@achi
|
|
102
|
|
@aCN@b110000
|
|
105
|
|
@aaf z 000yy
|
|
106
|
|
@ar
|
|
200
|
1
|
@a夜景光绘摄影实战98招@Aye jing guang hui she ying shi zhan 98 zhao@e手机玩法、人像创意与商业广告@f陆鑫东编著
|
|
210
|
|
@a北京@c化学工业出版社@d2023.4
|
|
215
|
|
@a200页, [1] 页图版@c彩图@d26cm
|
|
314
|
|
@a陆鑫东, 影像极客创始人, 全网粉丝超100万。2018年光绘吉尼斯纪录创造者, 国内顶尖光绘艺术家团队制作的内容在各大平台订阅用户超百万, 播放量超一亿次。8K RAW签约摄影师, 视觉中国签约摄影师, 于2012年发起建立FotoGeeker文化品牌, 致力推广极客文化和摄影艺术, 内容涵盖创意、摄影、影视、极客等多个领域。
|
|
330
|
|
@a本书根据全网100万粉丝学员喜欢的光绘摄影技巧, 从下面3条线编写, 并附带教学视频, 一条是拍摄设备线, 详细介绍了适合拍摄光绘的手机和相机, 然后讲解了拍摄光绘的道具, 如手机手电筒、光笔、光刀、光刷、光棒以及补光灯等, 帮助读者步步精通光绘摄影需要的器材和道具, 轻松做好前期拍摄的准备工作。一条是拍摄案例线, 详细介绍了华为、小米、vivo、OPPO、苹果手机的光绘摄影技巧, 以及8大光绘综合案例讲解, 如字母光绘、彩带光绘、创意人像、图案光绘、婚纱光绘、汽车光绘、摩托车光绘以及综合创意类光绘等, 帮助读者步步精通光绘摄影的前期拍摄技术。
|
|
517
|
1
|
@a手机玩法、人像创意与商业广告@Ashou ji wan fa 、ren xiang chuang yi yu shang ye guang gao
|
|
606
|
0
|
@a夜间摄影@Aye jian she ying@x摄影艺术
|
|
690
|
|
@aJ4@v5
|
|
701
|
0
|
@a陆鑫东@Alu xin dong@4编著
|
|
801
|
0
|
@aCN@bCDNYKJZYXY@c20231101
|
|
905
|
|
@aCDNYKJZYXY@b300681208-9@dJ4@e252@f2
|
|
|
|
|
| |
| 夜景光绘摄影实战98招:手机玩法、人像创意与商业广告/陆鑫东编著.-北京:化学工业出版社,2023.4 |
| 200页, [1] 页图版:彩图;26cm |
| |
| |
| ISBN 978-7-122-40582-1:CNY118.00 |
| 本书根据全网100万粉丝学员喜欢的光绘摄影技巧, 从下面3条线编写, 并附带教学视频, 一条是拍摄设备线, 详细介绍了适合拍摄光绘的手机和相机, 然后讲解了拍摄光绘的道具, 如手机手电筒、光笔、光刀、光刷、光棒以及补光灯等, 帮助读者步步精通光绘摄影需要的器材和道具, 轻松做好前期拍摄的准备工作。一条是拍摄案例线, 详细介绍了华为、小米、vivo、OPPO、苹果手机的光绘摄影技巧, 以及8大光绘综合案例讲解, 如字母光绘、彩带光绘、创意人像、图案光绘、婚纱光绘、汽车光绘、摩托车光绘以及综合创意类光绘等, 帮助读者步步精通光绘摄影的前期拍摄技术。 |
| ● |
正题名:夜景光绘摄影实战98招
索取号:J4/252
 
预约/预借
| 序号
|
登录号
|
条形码
|
馆藏地/架位号
|
状态
|
备注
|
|
1
|
681208
|
300681208
|
柳城-4楼/40架8列1层/
[索取号:J4/252]
|
在馆
|
|
|
2
|
681209
|
300681209
|
柳城-4楼/40架8列1层/
[索取号:J4/252]
|
在馆
|
|